| 000 | 00556cam a22002171 4500 | ||
|---|---|---|---|
| 001 | sa 64001084 | ||
| 003 | DLC | ||
| 005 | 20260227112000.0 | ||
| 008 | 890725s1963 ii 000 0 hino | ||
| 010 | _asa 64001084 | ||
| 035 | _a(OCoLC)20067010 | ||
| 040 |
_aDLC _cWaU _dDLC |
||
| 042 | _apremarc | ||
| 050 | 0 | 0 |
_aPK2098.P7 _bC57 |
| 100 | 1 | _aŚarmā, Kr̥shṇadeva. | |
| 245 | 1 | 0 | _aCandragupta samīkshā. |
| 260 | _c[1963] | ||
| 300 |
_a212 p. _c19 cm. |
||
| 500 | _aIn Hindi. | ||
| 600 | 1 | 0 |
_aPrasad, Jai Shankar, _d1889-1937. _tCandragupta Mauryya. |
| 999 |
_c56562 _d56562 |
||